000 01121cam a2200253 4500
001 ABS63083
008 000000n2000 000 0 eng u
035 _a(Sirsi) u109161
100 _aRincon, P.
245 _aRoad relief lies ahead
260 _c2000
490 _aConstruction News
_v(6690) 2 November 2000, 12-13(2)
520 _aAround £21bn is due to be spent on improving trunk roads and motorways during the next 10 years. This investment promises to kick-start the road building industry into action after years of uncertainty. Investigates the challenges this sharp rise in spending presents to the Highways agency and contractors. Provides a listing of road schemes currently out to tender, and roads that have been targeted for improvements.
590 _aABS
650 _aROADBUILDING PROGRAMME
650 _aPROPERTY-INFRASTRUCTURE-TRANSPORT INFRASTRUCTURE-ROAD INFRASTRUCTURE
650 _aHIGHWAYS AGENCY
650 _aCONTRACTORS
650 _aOPPORTUNITIES
650 _aROAD IMPROVEMENTS
650 _aBUILT ENVIRONMENT
690 _aTRANSPORT AND COMMUNICATIONS
942 _n0
999 _c65177
_d65177